000 00437nam a2200169Ia 4500
999 _c182
_d182
003 OSt
005 20210908124257.0
008 190216s9999||||xx |||||||||||||| ||und||
040 _coclc
082 _a892.74
_bALH/T
100 _aNull
245 0 _aAl Tadlilul Ishtirakiyyu /
260 _bAl Huda Book Stall,
_aKozhikode:
300 _a144p
650 _aArabic
942 _cBK
_2ddc
_h892.74
_iALH/T
_k892.74
_mALH/T